Menggali ilmu di internet menggunakan enjin carian /

Bibliographic Details
Main Author: Khairul Nizam Zainal Badri, 1975-
Format: Book
Published: Batu Caves, Selangor: Venton Publishing (M) Sdn. Bhad, 2006.
Subjects:
LEADER 00635cam a2200193 7i4500
001 0000010191
005 20151104090000.0
005 ##20151104112000.0
003 ##MY-KlINT
020 # # |a 9833526136  
039 # 9 |y 201511041120  |z VLOAD 
090 0 0 |a 025.04   |b KHA 
100 1 # |a Khairul Nizam Zainal Badri,   |d 1975- 
245 0 0 |a Menggali ilmu di internet menggunakan enjin carian /   |c Khairul Nizam bin Zainal Badri. 
260 # # |a Batu Caves, Selangor:   |b Venton Publishing (M) Sdn. Bhad,   |c 2006. 
300 # # |a v, 392 p:   |b ill;   |c 25cm. 
650 # 0 |a Web search engines  
650 # 0 |a Internet searching  
999 |a 0000063514  |b BOOK  |c Main Non-Fiction  |e INTAN BK